The Man In Command (Record no. 26702)

MARC details
000 -LEADER
fixed length control field 00387nam a2200169Ia 4500
008 - FIXED-LENGTH DATA ELEMENTS--GENERAL INFORMATION
fixed length control field 090122s9999 xx 000 0 und d
082 ## - DEWEY DECIMAL CLASSIFICATION NUMBER
Item number 2624
Classification number 823
100 ## - MAIN ENTRY--PERSONAL NAME
Personal name Weale
Numeration Anne
245 ## - TITLE STATEMENT
Title The Man In Command
260 ## - PUBLICATION, DISTRIBUTION, ETC. (IMPRINT)
Name of publisher, distributor, etc mills and boon ltd
300 ## - PHYSICAL DESCRIPTION
Extent 187
600 ## - SUBJECT ADDED ENTRY--PERSONAL NAME
Personal name Weale
630 ## - SUBJECT ADDED ENTRY--UNIFORM TITLE
Uniform title The Man In Command
700 ## - ADDED ENTRY--PERSONAL NAME
Personal name Weale
730 ## - ADDED ENTRY--UNIFORM TITLE
Uniform title The Man In Command
942 ## - ADDED ENTRY ELEMENTS (KOHA)
Koha item type Book
Holdings
Withdrawn status Lost status Damaged status Not for loan Home library Current library Date acquired Total Checkouts Full call number Barcode Date last seen Copy number Price effective from Koha item type
        Dombivali Granthasangrahalaya, Dombivali Dombivali Granthasangrahalaya, Dombivali 01/22/2009   2624 DOM-2624 01/22/2009 1 01/22/2009 Book